000 00870nam a2200241 a 4500
001 BRL_250
005 20190320210644.0
008 080713s1979----mx-a######---#000-0#spa-#
041 _aspa
044 _amx
050 4 _aF1219.5
_b.C63 1979
245 1 0 _aLos códices de México.
260 _aMéxico
_bINAH : SEP
_c1979
300 _a142 p.
_bil. (algunas a color)
_c26 cm.
500 _aCatálogo de la exposición temporal realizada en el Museo Nacional de Antropología (Ciudad de México), 1979
500 _aAu279
650 1 4 _aIndígenas de México
_vExposiciones
_xEscritura
_923353
650 1 4 _aManuscritos mexicanos
_vExposiciones
_zMéxico (Ciudad)
_923354
710 2 _aMuseo Nacional de Antropología (Ciudad de México)
_923355
710 2 _aInstituto Nacional de Antropología e Historia (Ciudad de México)
_923356
902 _aGRL
942 _2lcc
_cB
999 _c9063
_d9063